|
|
|
|
| LEADER |
00000nab a2200000 a 4500 |
| 001 |
vtls001562241 |
| 003 |
SK-MaSNL |
| 005 |
20260303192308.0 |
| 008 |
050427 20050426xo dr er 000 0 slo |
| 015 |
|
|
|a KEVKJB2005
|
| 040 |
|
|
|a VKJB
|b slo
|c VKJB
|e AACR2
|
| 041 |
0 |
|
|a slo
|
| 044 |
|
|
|a xo
|c SK
|
| 080 |
|
|
|a 353.2
|2 UDC-MRF-SK2
|
| 100 |
1 |
|
|a Kizek, Marián
|4 aut
|9 877271
|
| 245 |
1 |
0 |
|a Zastupiteľstvo KSK schválilo transformáciu nemocníc na akciové spoločnosti
|c Marián Kizek
|
| 610 |
2 |
7 |
|a Košický samosprávny kraj (Slovensko).
|b Úrad
|2 kevkjb
|9 30611
|
| 650 |
0 |
7 |
|a nemocnice
|x transformácia
|2 kevkjb
|9 1043941
|
| 650 |
0 |
7 |
|a záverečný účet Košického samosprávneho kraja (Košice, Slovensko)
|y 2004
|2 kevkjb
|9 1222648
|
| 651 |
|
7 |
|a Košice (Slovensko)
|2 kevkjb
|9 18694
|
| 773 |
0 |
|
|t Košický denník Korzár
|g Roč. VIII, č.95 (26.4.2005), s.5
|x 1335-4566
|
| 852 |
|
|
|a KEVKJB
|b KIS3GCP
|
| 999 |
|
|
|c 2145421
|d 2147351
|